Statistics for The Railway Series Engines

Click here to take the quiz!

General Stats

  • This quiz has been taken 19 times
  • The average score is 34 of 50

Answer Stats

Answer% Correct
Edward
100%
James
100%
Thomas
100%
Duck
92%
Gordon
92%
Henry
92%
Percy
92%
Toby
92%
Daisy
83%
Donald
83%
Douglas
83%
Skarloey
83%
Bear
75%
Ben
75%
Bill
75%
Diesel
75%
Duke
75%
Flying Scotsman
75%
Mike
75%
Oliver
75%
Peter Sam
75%
Rex
75%
Rheneas
75%
Rusty
75%
Sir Handel
75%
Stepney
75%
Bert
67%
BoCo
67%
Culdee
67%
D199
67%
Ivo Hugh
67%
Mavis
67%
Big City Engine
58%
Duncan
58%
Emma
58%
Neil
58%
Patrick
58%
Pip
58%
Class 40
50%
Godred
50%
Mallard
50%
Sixteen
50%
Stanley
50%
Wilbert
50%
Albert
42%
Green Arrow
42%
Jock
42%
Wilfred
42%
Iron Duke
33%
Duchess of Hamilton
25%

Score Distribution

Percentile by Number Answered

Percent of People with Each Score

Your Score History

You have not taken this quiz